[Event "CZE-chT2B 1718"]
[Site "Czech Republic"]
[Date "2018.02.11"]
[Round "8.6"]
[White "Havelka, Jan"]
[Black "Zahorbensky, Jaroslav"]
[Result "1/2-1/2"]
[WhiteElo "2156"]
[BlackElo "2062"]
[PlyCount "95"]
[EventDate "2017.10.15"]
[EventType "team-tourn"]
[EventRounds "11"]
[EventCountry "CZE"]
[SourceTitle "EXT 2022"]
[Source "ChessBase"]
[SourceDate "2021.10.06"]
[SourceVersion "1"]
[SourceVersionDate "2021.10.06"]
[SourceQuality "1"]
[WhiteTeam "Neratovice III"]
[BlackTeam "Bakov nad Jizerou"]
[WhiteTeamCountry "CZE"]
[BlackTeamCountry "CZE"]

1. e4 e5 2. Nf3 Nf6 3. Nxe5 d6 4. Nf3 Nxe4 5. d3 Nf6 6. d4 Bg4 7. Be2 Be7 8. 0-0 0-0 9. Re1 Nc6 10. d5 Bxf3 11. Bxf3 Ne5 12. Bf4 Nxf3+ 13. Qxf3 Qd7 14. Nc3 Rfe8 15. Bg5 h6 16. Bd2 a6 17. Re2 Qg4 18. Qxg4 Nxg4 19. Rae1 Kf8 20. Ne4 Nf6 21. c4 Nxe4 22. Rxe4 Bf6 23. b3 Rxe4 24. Rxe4 Re8 25. Rxe8+ Kxe8 26. Kf1 h5 27. Ke2 Ke7 28. f3 Be5 29. f4 Bd4 30. Kf3 f5 31. Be1 Kd7 32. h3 c6 33. g4 hxg4+ 34. hxg4 g6 35. gxf5 gxf5 36. Kg3 Be3 37. Kf3 Bc1 38. Bb4 Kc7 39. Ba5+ Kd7 40. Bb4 Ke7 41. Kg3 Be3 42. Bc3 Kd7 43. Kf3 Bc1 44. Bb4 Kc7 45. Ba5+ b6 46. Bc3 cxd5 47. cxd5 a5 48. a4 1/2-1/2

[Event "CZE-chT1W 1718"]
[Site "Czech Republic"]
[Date "2017.11.12"]
[Round "2.6"]
[White "Bostl, Frantisek"]
[Black "Havelka, Jan"]
[Result "0-1"]
[WhiteElo "2172"]
[BlackElo "2157"]
[PlyCount "62"]
[EventDate "2017.10.29"]
[EventType "team-tourn"]
[EventRounds "11"]
[EventCountry "CZE"]
[SourceTitle "EXT 2019"]
[Source "ChessBase"]
[SourceDate "2018.10.10"]
[SourceVersion "1"]
[SourceVersionDate "2018.10.10"]
[SourceQuality "1"]
[WhiteTeam "Ceske Budejovice"]
[BlackTeam "Neratovice II"]
[WhiteTeamCountry "CZE"]
[BlackTeamCountry "CZE"]

1. d4 e6 2. Nf3 Nf6 3. Bg5 c5 4. c3 b6 5. e3 Bb7 6. Bd3 Be7 7. Nbd2 0-0 8. 0-0 cxd4 9. Nxd4 d6 10. Qe2 a6 11. Rad1 Nbd7 12. e4 Qc7 13. f4 Rfe8 14. Bb1 Rac8 15. N2f3 Bf8 16. e5 Nd5 17. Qe1 g6 18. Qh4 Ne3 19. f5 Nxf5 20. Nxf5 exf5 21. exd6 Bxd6 22. Nd4 Bc5 23. Rxf5 Qc6 24. Rf2 Bxd4 25. cxd4 Qd5 26. Qg3 Re6 27. Bh6 Qh5 28. Rdf1 Qxh6 29. Rxf7 Rf8 30. Rxd7 Rxf1+ 31. Kxf1 Qc1+ 0-1

[Event "CZE-chT2B 1718"]
[Site "Czech Republic"]
[Date "2017.11.05"]
[Round "2.7"]
[White "Havelka, Jan"]
[Black "Stastny, Petr"]
[Result "1/2-1/2"]
[WhiteElo "2156"]
[BlackElo "2052"]
[PlyCount "44"]
[EventDate "2017.10.15"]
[EventType "team-tourn"]
[EventRounds "11"]
[EventCountry "CZE"]
[SourceTitle "EXT 2022"]
[Source "ChessBase"]
[SourceDate "2021.10.06"]
[SourceVersion "1"]
[SourceVersionDate "2021.10.06"]
[SourceQuality "1"]
[WhiteTeam "Neratovice III"]
[BlackTeam "Teplice"]
[WhiteTeamCountry "CZE"]
[BlackTeamCountry "CZE"]

1. e4 c5 2. Nc3 Nc6 3. f4 g6 4. Nf3 Bg7 5. Bb5 Nd4 6. 0-0 a6 7. Bc4 b5 8. Bd5 Rb8 9. d3 e6 10. Bb3 Nh6 11. Nxd4 Bxd4+ 12. Kh1 f5 13. Ne2 Bg7 14. Be3 Qc7 15. c3 fxe4 16. dxe4 Ng4 17. Bg1 0-0 18. h3 Nf6 19. Ng3 Bb7 20. Qe2 Kh8 21. Rae1 Bh6 22. Qf2 Rbc8 1/2-1/2

[Event "CZE-chT1W 1718"]
[Site "Czech Republic"]
[Date "2017.10.29"]
[Round "1.1"]
[White "Illetsko, Jaroslav"]
[Black "Havelka, Jan"]
[Result "1/2-1/2"]
[WhiteElo "2226"]
[BlackElo "2157"]
[PlyCount "115"]
[EventDate "2017.10.29"]
[EventType "team-tourn"]
[EventRounds "11"]
[EventCountry "CZE"]
[SourceTitle "CBM 181 Extra"]
[Source "ChessBase"]
[SourceDate "2017.12.12"]
[SourceVersion "1"]
[SourceVersionDate "2017.12.12"]
[SourceQuality "1"]
[WhiteTeam "Vysehrad"]
[BlackTeam "Neratovice II"]
[WhiteTeamCountry "CZE"]
[BlackTeamCountry "CZE"]

1. e4 e6 2. d4 d5 3. e5 c5 4. c3 Nc6 5. Nf3 Bd7 6. Bd3 Rc8 7. a3 Nh6 8. 0-0 cxd4 9. cxd4 Nf5 10. Bxf5 exf5 11. Qb3 Qb6 12. Qxb6 axb6 13. Nc3 Be6 14. Nb5 Na5 15. Bf4 Kd7 16. Rac1 Be7 17. Nd6 Bxd6 18. exd6 f6 19. h4 Nc4 20. Rc2 Nxd6 21. Rfc1 Rc6 22. Ne1 Rhc8 23. Bxd6 Kxd6 24. f4 h6 25. Kf2 g5 26. g3 Bf7 27. Rxc6+ bxc6 28. Nf3 gxf4 29. gxf4 Re8 30. Re1 Re4 31. Rxe4 fxe4 32. Ne1 c5 33. Ke3 Be8 34. b3 Ke6 35. Nc2 Kf5 36. a4 c4 37. bxc4 Bxa4 38. Na3 Bc6 39. cxd5 Bxd5 40. Nb1 Ke6 41. Nc3 f5 42. Kd2 Bc4 43. Nd1 Kf6 44. Ne3 Be6 45. d5 Bd7 46. Kc3 Kg6 47. Nc4 Bb5 48. Ne3 Kh5 49. Nxf5 Kg4 50. Nd6 Bd7 51. Nxe4 Kxf4 52. Nf6 Bh3 53. d6 Kg3 54. d7 Bxd7 55. Nxd7 Kxh4 56. Nxb6 Kg3 57. Nd5 h5 58. Ne3 1/2-1/2

[Event "CZE-chT1W 1617"]
[Site "Czech Republic"]
[Date "2017.04.09"]
[Round "11.1"]
[White "Havelka, Jan"]
[Black "Matras, Ondrej"]
[Result "1-0"]
[WhiteElo "2143"]
[BlackElo "2241"]
[PlyCount "79"]
[EventDate "2016.10.16"]
[EventType "team-tourn"]
[EventRounds "11"]
[EventCountry "CZE"]
[SourceTitle "CBM 177 Extra"]
[Source "ChessBase"]
[SourceDate "2017.04.27"]
[SourceVersion "1"]
[SourceVersionDate "2017.04.27"]
[SourceQuality "1"]
[WhiteTeam "Neratovice"]
[BlackTeam "Praha Grop"]
[WhiteTeamCountry "CZE"]
[BlackTeamCountry "CZE"]

1. e4 e6 2. d4 d5 3. exd5 exd5 4. c4 Nf6 5. Nc3 c6 6. Nf3 Be7 7. h3 0-0 8. Bd3 dxc4 9. Bxc4 Nbd7 10. 0-0 Nb6 11. Bb3 Bf5 12. Re1 Nbd5 13. Bg5 Be6 14. Ne5 Re8 15. Qf3 Qd6 16. Rad1 Rad8 17. Bc2 Qb4 18. Qd3 Qxb2 19. Nxd5 cxd5 20. Bxf6 Bxf6 21. Qxh7+ Kf8 22. Ba4 Bxe5 23. dxe5 b5 24. Rb1 Qxa2 25. Bxb5 Rb8 26. Bxe8 Rxb1 27. Rxb1 Kxe8 28. Qg8+ Ke7 29. Qb8 Qa6 30. Rb7+ Bd7 31. Qc7 Qe6 32. Rxa7 f6 33. Qxd7+ Qxd7 34. Rxd7+ Kxd7 35. exf6 gxf6 36. Kf1 Ke6 37. Ke2 Ke5 38. Ke3 d4+ 39. Kd3 Kd5 40. g3 1-0

[Event "CZE-chT1W 1617"]
[Site "Czech Republic"]
[Date "2017.02.19"]
[Round "8.1"]
[White "Havelka, Jan"]
[Black "Forman, Stepan"]
[Result "0-1"]
[WhiteElo "2143"]
[BlackElo "2286"]
[PlyCount "90"]
[EventDate "2016.10.16"]
[EventType "team-tourn"]
[EventRounds "11"]
[EventCountry "CZE"]
[SourceTitle "CBM 177 Extra"]
[Source "ChessBase"]
[SourceDate "2017.04.27"]
[SourceVersion "1"]
[SourceVersionDate "2017.04.27"]
[SourceQuality "1"]
[WhiteTeam "Neratovice"]
[BlackTeam "Jicin II"]
[WhiteTeamCountry "CZE"]
[BlackTeamCountry "CZE"]

1. e4 c5 2. Nc3 e6 3. f4 Nc6 4. Nf3 g6 5. Bb5 Nd4 6. Bd3 Bg7 7. Nxd4 Bxd4 8. Nb5 Bf6 9. Nd6+ Kf8 10. e5 Be7 11. Ne4 f5 12. exf6 Nxf6 13. Ng5 Kg7 14. b3 Nd5 15. 0-0 Bf6 16. Rb1 Bd4+ 17. Kh1 Nxf4 18. Rxf4 Qxg5 19. Qf3 Qe7 20. Bb2 Rf8 21. Bxd4+ cxd4 22. Rxf8 Qxf8 23. Qe4 d6 24. Qxd4+ e5 25. Qh4 Qf6 26. Qxf6+ Kxf6 27. Rf1+ Ke7 28. Be4 Rb8 29. c4 Be6 30. Kg1 b5 31. d3 a5 32. cxb5 Rxb5 33. Rc1 d5 34. Bf3 Kd6 35. Rf1 Rc5 36. Bd1 Bf5 37. d4 exd4 38. Kf2 Rc3 39. Re1 Be4 40. Re2 Kc5 41. Rd2 d3 42. a3 Kd4 43. h3 Rc1 44. Bg4 Rc2 45. Ke1 Ke3 0-1

[Event "CZE-chT1W 1617"]
[Site "Czech Republic"]
[Date "2017.02.05"]
[Round "7.1"]
[White "Havelka, Jan"]
[Black "Jascenko, Olga"]
[Result "0-1"]
[WhiteElo "2143"]
[BlackElo "2125"]
[PlyCount "36"]
[EventDate "2016.10.16"]
[EventType "team-tourn"]
[EventRounds "11"]
[EventCountry "CZE"]
[SourceTitle "CBM 177 Extra"]
[Source "ChessBase"]
[SourceDate "2017.04.27"]
[SourceVersion "1"]
[SourceVersionDate "2017.04.27"]
[SourceQuality "1"]
[WhiteTeam "Neratovice"]
[BlackTeam "Praha Smichov"]
[WhiteTeamCountry "CZE"]
[BlackTeamCountry "CZE"]

1. e4 c5 2. Nc3 Nc6 3. b4 g6 4. Nf3 Bg7 5. Bb5 Nd4 6. 0-0 Nxb5 7. Nxb5 Nh6 8. c4 d6 9. d3 0-0 10. Qe1 a6 11. Nc3 e6 12. Bd2 f5 13. Rb1 Nf7 14. d4 Rb8 15. Qe2 b5 16. bxc5 dxc5 17. e5 Qe7 18. cxb5 axb5 0-1

[Event "CZE-chT1W 1617"]
[Site "Czech Republic"]
[Date "2017.01.22"]
[Round "6.1"]
[White "Havelka, Jan"]
[Black "Pokorny, Zdenek"]
[Result "1/2-1/2"]
[WhiteElo "2143"]
[BlackElo "2265"]
[PlyCount "117"]
[EventDate "2016.10.16"]
[EventType "team-tourn"]
[EventRounds "11"]
[EventCountry "CZE"]
[SourceTitle "CBM 177 Extra"]
[Source "ChessBase"]
[SourceDate "2017.04.27"]
[SourceVersion "1"]
[SourceVersionDate "2017.04.27"]
[SourceQuality "1"]
[WhiteTeam "Neratovice"]
[BlackTeam "Hradec Kralove Slavia"]
[WhiteTeamCountry "CZE"]
[BlackTeamCountry "CZE"]

1. e4 e5 2. Nf3 Nc6 3. Bc4 Be7 4. 0-0 Nf6 5. d3 d6 6. c3 Na5 7. Bb5+ Bd7 8. Bxd7+ Qxd7 9. Re1 c5 10. Nbd2 0-0 11. Nf1 Rfe8 12. Ng3 h6 13. d4 exd4 14. cxd4 Bf8 15. Bd2 Qc7 16. Bc3 Nh7 17. Qa4 Nc6 18. d5 Ne7 19. Qc4 Ng6 20. b4 a6 21. a4 Ng5 22. Nxg5 hxg5 23. bxc5 dxc5 24. Nf5 Ne5 25. Bxe5 Qxe5 26. a5 g6 27. Ng3 Bd6 28. Rab1 Re7 29. Re3 Rc8 30. Reb3 Rcc7 31. Rb6 Rcd7 32. Nf1 Qxe4 33. Qxe4 Rxe4 34. Rxb7 Rxb7 35. Rxb7 Ra4 36. Rb6 Bc7 37. Rxa6 Rxa5 38. Rc6 Be5 39. d6 Ra7 40. Rxc5 Bxd6 41. Rxg5 Kg7 42. Rd5 Bb8 43. g3 Ra2 44. Rd2 Ra3 45. Ne3 Ba7 46. Nd5 Ra6 47. Nf4 Bb8 48. Ne2 Be5 49. f4 Bf6 50. Kg2 Rb6 51. Ng1 Rb4 52. Nf3 Ra4 53. h3 Rb4 54. Nh2 Bd4 55. Re2 Bf6 56. Ng4 Bd4 57. Ne5 Bxe5 58. Rxe5 Rb3 59. Kf2 1/2-1/2

[Event "CZE-ch U18/U20 sf"]
[Site "Kovarska"]
[Date "2016.11.15"]
[Round "4"]
[White "Havelka, Jan"]
[Black "Slovak, Kilian"]
[Result "1/2-1/2"]
[WhiteElo "2193"]
[BlackElo "2088"]
[PlyCount "40"]
[EventDate "2016.11.13"]
[EventType "swiss"]
[EventRounds "9"]
[EventCountry "CZE"]
[SourceTitle "EXT 2022"]
[Source "ChessBase"]
[SourceDate "2021.10.06"]
[SourceVersion "1"]
[SourceVersionDate "2021.10.06"]
[SourceQuality "1"]

1. e4 c5 2. Nc3 Nc6 3. f4 g6 4. Nf3 Bg7 5. Bb5 Nd4 6. 0-0 a6 7. Bd3 d6 8. Nxd4 cxd4 9. Ne2 Nf6 10. c3 dxc3 11. dxc3 0-0 12. Nd4 Nd7 13. Qe2 Nc5 14. Bc2 Qc7 15. f5 b5 16. Bg5 Bb7 17. Rae1 b4 18. Rf3 bxc3 19. bxc3 Rae8 20. Qd2 f6 1/2-1/2

[Event "CZE-ch U18/U20 sf"]
[Site "Kovarska"]
[Date "2016.11.13"]
[Round "1"]
[White "Kanak, Filip"]
[Black "Havelka, Jan"]
[Result "1-0"]
[WhiteElo "1980"]
[BlackElo "2193"]
[PlyCount "103"]
[EventDate "2016.11.13"]
[EventType "swiss"]
[EventRounds "9"]
[EventCountry "CZE"]
[SourceTitle "EXT 2022"]
[Source "ChessBase"]
[SourceDate "2021.10.06"]
[SourceVersion "1"]
[SourceVersionDate "2021.10.06"]
[SourceQuality "1"]

1. e4 c5 2. Nf3 e6 3. d4 cxd4 4. Nxd4 a6 5. Bd3 Qc7 6. Qe2 d6 7. Be3 Nf6 8. Nd2 Be7 9. f4 Nc6 10. c3 h5 11. h3 Bd7 12. Nxc6 Bxc6 13. 0-0-0 h4 14. Rhg1 d5 15. e5 Nd7 16. g4 hxg3 17. Rxg3 g6 18. Nf3 b5 19. Kb1 Nb6 20. Bxb6 Qxb6 21. Bc2 0-0-0 22. Ng5 Be8 23. Qg4 Kb8 24. h4 Rc8 25. Rh3 Ka8 26. Rxd5 Bc6 27. Rd1 Bxg5 28. fxg5 Rhd8 29. Rhd3 Rxd3 30. Rxd3 Qf2 31. Qd4 Qxd4 32. Rxd4 Kb7 33. Be4 Bxe4+ 34. Rxe4 Rc5 35. Rf4 Rc7 36. Rd4 a5 37. a3 Kc8 38. Kc2 Rc5 39. Rf4 Rc7 40. Kd3 Kd8 41. Rd4+ Ke7 42. a4 Rc5 43. Ke4 bxa4 44. Rxa4 Kd8 45. c4 Kc7 46. Kd4 Kc6 47. b4 axb4 48. Ra6+ Kb7 49. Kxc5 Kxa6 50. Kxb4 Kb6 51. c5+ Kc6 52. Kc4 1-0

[Event "CZE-chT2B 1516"]
[Site "Czech Republic"]
[Date "2016.04.03"]
[Round "10.3"]
[White "Havelka, Jan"]
[Black "Hrbolka, Ladislav Jr"]
[Result "0-1"]
[WhiteElo "2167"]
[BlackElo "2193"]
[PlyCount "62"]
[EventDate "2015.10.18"]
[EventType "team-tourn"]
[EventRounds "11"]
[EventCountry "CZE"]
[SourceTitle "EXT 2022"]
[Source "ChessBase"]
[SourceDate "2021.10.06"]
[SourceVersion "1"]
[SourceVersionDate "2021.10.06"]
[SourceQuality "1"]
[WhiteTeam "Neratovice II"]
[BlackTeam "Most Chess"]
[WhiteTeamCountry "CZE"]
[BlackTeamCountry "CZE"]

1. e4 d6 2. Nc3 g6 3. d4 Bg7 4. Be2 Nf6 5. Be3 0-0 6. g4 e5 7. g5 Ng4 8. Bxg4 Bxg4 9. f3 Bh5 10. dxe5 Bxe5 11. Qd2 Nd7 12. 0-0-0 Nb6 13. Qd3 f6 14. h4 c6 15. Kb1 Qe8 16. Nce2 d5 17. Bc5 Rf7 18. Nh3 dxe4 19. fxe4 Na4 20. Ba3 b5 21. Rde1 b4 22. Bxb4 Rb8 23. c3 c5 24. Nhf4 cxb4 25. Nxh5 gxh5 26. gxf6 bxc3 27. Rhg1+ Kh8 28. b3 Rxf6 29. Kc2 Rd8 30. Qc4 Nb2 31. Rg2 Nxc4 0-1

[Event "CZE-chT2B 1516"]
[Site "Czech Republic"]
[Date "2016.02.21"]
[Round "8.3"]
[White "Havelka, Jan"]
[Black "Anaskin, Arsenij"]
[Result "1-0"]
[WhiteElo "2167"]
[BlackElo "2139"]
[PlyCount "89"]
[EventDate "2015.10.18"]
[EventType "team-tourn"]
[EventRounds "11"]
[EventCountry "CZE"]
[SourceTitle "EXT 2022"]
[Source "ChessBase"]
[SourceDate "2021.10.06"]
[SourceVersion "1"]
[SourceVersionDate "2021.10.06"]
[SourceQuality "1"]
[WhiteTeam "Neratovice II"]
[BlackTeam "Jicin III"]
[WhiteTeamCountry "CZE"]
[BlackTeamCountry "CZE"]

1. e4 d6 2. Nc3 Nf6 3. d4 Nbd7 4. g3 e5 5. Nge2 Be7 6. Bg2 0-0 7. 0-0 c6 8. a4 a5 9. h3 h6 10. Be3 Re8 11. Qd2 Qc7 12. g4 Nf8 13. Ng3 Ng6 14. Nf5 Bf8 15. Rad1 Be6 16. f4 Bxf5 17. gxf5 Nxf4 18. Bxf4 exf4 19. Qxf4 Qb6 20. b3 Qb4 21. Rd3 Rad8 22. Qg3 Kh8 23. Bf3 d5 24. e5 Ne4 25. Nxe4 dxe4 26. c3 Qxb3 27. Bxe4 f6 28. Qg6 Qg8 29. Rg3 Qh7 30. Qxh7+ Kxh7 31. Rb1 Rd7 32. e6 Rc7 33. Rg2 Bd6 34. Rgb2 b5 35. axb5 cxb5 36. Rxb5 Rxc3 37. Rxa5 Rxh3 38. Rd5 Ba3 39. Rd7 Rc8 40. e7 Re8 41. Rd8 Rxe7 42. Rbb8 Rg3+ 43. Kf2 g5 44. Rh8+ Kg7 45. Rbg8+ 1-0

[Event "CZE-chT2B 1516"]
[Site "Czech Republic"]
[Date "2016.01.24"]
[Round "6.2"]
[White "Sorm, Daniel"]
[Black "Havelka, Jan"]
[Result "0-1"]
[WhiteElo "2315"]
[BlackElo "2167"]
[PlyCount "86"]
[EventDate "2015.10.18"]
[EventType "team-tourn"]
[EventRounds "11"]
[EventCountry "CZE"]
[SourceTitle "EXT 2022"]
[Source "ChessBase"]
[SourceDate "2021.10.06"]
[SourceVersion "1"]
[SourceVersionDate "2021.10.06"]
[SourceQuality "1"]
[WhiteTeam "Decin"]
[BlackTeam "Neratovice II"]
[WhiteTeamCountry "CZE"]
[BlackTeamCountry "CZE"]

1. d4 e6 2. c4 c5 3. d5 exd5 4. cxd5 d6 5. e4 Nf6 6. Nc3 g6 7. f4 Bg7 8. Bb5+ Nfd7 9. Nf3 0-0 10. 0-0 a6 11. Bd3 b5 12. Kh1 Ra7 13. Be3 Re8 14. Bf2 Qa5 15. Be1 Qc7 16. Bh4 c4 17. Bc2 Nc5 18. e5 Bg4 19. e6 fxe6 20. dxe6 Nxe6 21. Qd2 Bxf3 22. gxf3 Nc6 23. f5 gxf5 24. Bxf5 Ncd4 25. Be4 Qf7 26. Nd5 Kh8 27. Rae1 Rf8 28. Bg3 Nf5 29. Bf2 Nfd4 30. Be3 Qh5 31. f4 Raf7 32. Rg1 Nf5 33. Bf2 Nh6 34. Bg3 Nc5 35. Bg2 Nf5 36. Bf2 Nd3 37. Re4 Bxb2 38. Be1 Bg7 39. Re6 Nxe1 40. Rgxe1 Bd4 41. h3 Qh4 42. Rxd6 Qf2 43. Qd1 Rg7 0-1

[Event "CZE-chT1W 1516"]
[Site "Czech Republic"]
[Date "2015.12.13"]
[Round "5.6"]
[White "Kracik, Tomas"]
[Black "Havelka, Jan"]
[Result "1-0"]
[WhiteElo "2220"]
[BlackElo "2152"]
[PlyCount "79"]
[EventDate "2015.10.11"]
[EventType "team-tourn"]
[EventRounds "11"]
[EventCountry "CZE"]
[SourceTitle "EXT 2017"]
[Source "ChessBase"]
[SourceDate "2016.10.25"]
[SourceVersion "1"]
[SourceVersionDate "2016.10.25"]
[SourceQuality "1"]
[WhiteTeam "Hradec Kralove"]
[BlackTeam "Neratovice"]
[WhiteTeamCountry "CZE"]
[BlackTeamCountry "CZE"]

1. e4 e6 2. d3 c5 3. g3 Nc6 4. Bg2 g6 5. f4 d5 6. Nd2 Bg7 7. Ngf3 Nge7 8. 0-0 0-0 9. c3 b5 10. Qc2 Ba6 11. Re1 d4 12. cxd4 cxd4 13. a3 Rc8 14. Qd1 b4 15. Nb3 Qb6 16. Bf1 bxa3 17. bxa3 Rb8 18. Rb1 Na5 19. Nbd2 Qc6 20. Bb2 Rfd8 21. Ba1 Rxb1 22. Qxb1 Qa4 23. Rc1 Nec6 24. Be2 Rb8 25. Qc2 Qxc2 26. Rxc2 Bb5 27. Bf1 Ba4 28. Rc1 Bf8 29. Nxd4 Bxa3 30. Nxc6 Bxc1 31. Nxb8 Bxd2 32. Bd4 Kf8 33. Bxa7 Ke8 34. Na6 Nb3 35. Kf2 Bc3 36. Be3 Kd7 37. Nc5+ Nxc5 38. Bxc5 Bb5 39. Ke3 f5 40. Bd4 1-0

[Event "CZE-chT2B 1516"]
[Site "Czech Republic"]
[Date "2015.12.06"]
[Round "4.4"]
[White "Havelka, Jan"]
[Black "Vanek, Tomas"]
[Result "0-1"]
[WhiteElo "2167"]
[BlackElo "2242"]
[PlyCount "58"]
[EventDate "2015.10.18"]
[EventType "team-tourn"]
[EventRounds "11"]
[EventCountry "CZE"]
[SourceTitle "EXT 2022"]
[Source "ChessBase"]
[SourceDate "2021.10.06"]
[SourceVersion "1"]
[SourceVersionDate "2021.10.06"]
[SourceQuality "1"]
[WhiteTeam "Neratovice II"]
[BlackTeam "Teplice"]
[WhiteTeamCountry "CZE"]
[BlackTeamCountry "CZE"]

1. e4 c5 2. Nc3 Nc6 3. f4 g6 4. Nf3 Bg7 5. Bb5 d6 6. 0-0 Bd7 7. d3 Nd4 8. Bxd7+ Qxd7 9. Be3 Nf6 10. h3 Nh5 11. Kh2 e5 12. fxe5 0-0-0 13. Bxd4 cxd4 14. Nd5 dxe5 15. c3 Kb8 16. cxd4 exd4 17. Qd2 Qd6+ 18. Kg1 Ng3 19. Rfe1 f5 20. Nb4 fxe4 21. dxe4 Rhe8 22. e5 Bxe5 23. Nxe5 Rxe5 24. Nd3 Re3 25. Rad1 Rde8 26. Nc1 Qf4 27. Qf2 Rxe1+ 28. Rxe1 Rxe1+ 29. Qxe1 Qxc1 0-1

[Event "CZE-chT1W 1516"]
[Site "Czech Republic"]
[Date "2015.11.15"]
[Round "3.7"]
[White "Cesal, Jaroslav"]
[Black "Havelka, Jan"]
[Result "1/2-1/2"]
[WhiteElo "2200"]
[BlackElo "2152"]
[PlyCount "118"]
[EventDate "2015.10.11"]
[EventType "team-tourn"]
[EventRounds "11"]
[EventCountry "CZE"]
[SourceTitle "CBM 169 Extra"]
[Source "ChessBase"]
[SourceDate "2015.12.18"]
[SourceVersion "1"]
[SourceVersionDate "2015.12.18"]
[SourceQuality "1"]
[WhiteTeam "Praha Vysehrad"]
[BlackTeam "Neratovice"]
[WhiteTeamCountry "CZE"]
[BlackTeamCountry "CZE"]

1. d4 e6 2. Nf3 c5 3. c3 Nf6 4. Bg5 Qb6 5. Qb3 Nc6 6. e3 Ne4 7. Bf4 d5 8. Bd3 f5 9. 0-0 c4 10. Qxb6 axb6 11. Bxe4 fxe4 12. Ne5 Be7 13. Nd2 Nxe5 14. Bxe5 0-0 15. Bc7 b5 16. a3 Bd7 17. f3 exf3 18. Nxf3 Rac8 19. Bg3 Be8 20. Ne5 Bf6 21. Nf3 Bg6 22. a4 Be8 23. axb5 Bxb5 24. Ra5 Ba6 25. Re1 Rc6 26. Be5 Rb6 27. Re2 Bxe5 28. Nxe5 Bb5 29. Rf2 Rxf2 30. Kxf2 Be8 31. Ra2 Kf8 32. Kf3 Ke7 33. Kf4 Rb3 34. g4 Rb5 35. h4 Rb3 36. h5 h6 37. Nf3 Kd6 38. Ne5 Ke7 39. e4 Rb6 40. Ra5 Bc6 41. Nxc6+ bxc6 42. Ra7+ Kf8 43. Ke5 dxe4 44. Kxe6 c5+ 45. Kd5 cxd4 46. Kxd4 Rxb2 47. Kxe4 Rg2 48. Kf5 Rg3 49. Rc7 Rxc3 50. Kg6 Re3 51. Rf7+ Ke8 52. Rf4 Re6+ 53. Kxg7 Rc6 54. Rf1 c3 55. g5 Rc7+ 56. Kxh6 c2 57. Rc1 Kf8 58. Kg6 Kg8 59. h6 Rc6+ 1/2-1/2

[Event "Olomouc op 18th"]
[Site "Olomouc"]
[Date "2015.08.21"]
[Round "8"]
[White "Navratil, Jiri"]
[Black "Havelka, Jan"]
[Result "1/2-1/2"]
[WhiteElo "2062"]
[BlackElo "2178"]
[PlyCount "135"]
[EventDate "2015.08.15"]
[EventType "swiss"]
[EventRounds "9"]
[EventCountry "CZE"]
[SourceTitle "EXT 2016"]
[Source "ChessBase"]
[SourceDate "2015.10.08"]
[SourceVersion "1"]
[SourceVersionDate "2015.10.08"]
[SourceQuality "1"]

1. d4 Nf6 2. Nf3 g6 3. Bf4 Bg7 4. c3 d6 5. Nbd2 0-0 6. e4 Nbd7 7. Be2 Re8 8. h3 e5 9. dxe5 Nxe5 10. Nxe5 dxe5 11. Be3 Bd7 12. Qb3 Bc6 13. 0-0-0 Qe7 14. f3 b5 15. g4 a5 16. Qc2 Reb8 17. h4 Bd7 18. h5 b4 19. hxg6 hxg6 20. c4 b3 21. Nxb3 Ba4 22. Rd3 Qe6 23. Rc3 Nd7 24. Bf1 Qf6 25. Be2 Nf8 26. Bd1 Ne6 27. Qh2 Bxb3 28. Bxb3 a4 29. Bd1 c5 30. Ra3 Rb4 31. b3 Rab8 32. Bd2 axb3 33. Bxb4 cxb4 34. Rxb3 Nd4 35. Rd3 Qd6 36. Bb3 Nxb3+ 37. Rxb3 Qd4 38. Qd2 Qxc4+ 39. Kb1 Bf8 40. Rc1 Qa6 41. Qb2 Ra8 42. Qh2 Qd6 43. Rh1 Bg7 44. Qc2 Bf8 45. Rd1 Qb6 46. Qd2 Ra3 47. Qb2 Rxb3 48. Qxb3 Qf2 49. Rd8 Qe1+ 50. Qd1 Qe3 51. Qd6 Qe1+ 52. Kc2 Qc3+ 53. Kb1 Qe1+ 54. Qd1 Qh4 55. Kb2 Qf6 56. Rb8 Qc6 57. Qc2 Qd6 58. Qc8 Qd2+ 59. Kb3 Qd1+ 60. Kc4 Qe2+ 61. Kd5 Qxa2+ 62. Kxe5 Qb2+ 63. Kf4 Qd2+ 64. Kg3 Qe1+ 65. Kh3 Qh1+ 66. Kg3 Qe1+ 67. Kf4 Qd2+ 68. Kg3 1/2-1/2

[Event "Pardubice Czech op-A 26th"]
[Site "Pardubice"]
[Date "2015.07.30"]
[Round "7.90"]
[White "Mann, Johannes"]
[Black "Havelka, Jan"]
[Result "1-0"]
[WhiteElo "2295"]
[BlackElo "2178"]
[PlyCount "107"]
[EventDate "2015.07.24"]
[EventType "swiss"]
[EventRounds "9"]
[EventCountry "CZE"]
[SourceTitle "EXT 2017"]
[Source "ChessBase"]
[SourceDate "2016.10.25"]
[SourceVersion "1"]
[SourceVersionDate "2016.10.25"]
[SourceQuality "1"]

1. d4 e6 2. c4 c5 3. Nf3 Nf6 4. Nc3 cxd4 5. Nxd4 Nc6 6. Ndb5 d6 7. g3 a6 8. Nd4 Bd7 9. Bg2 Qc7 10. b3 Be7 11. Bb2 Nxd4 12. Qxd4 Bc6 13. 0-0 h5 14. Rac1 Bxg2 15. Kxg2 h4 16. Na4 Qc6+ 17. f3 e5 18. Qd2 Rd8 19. e4 Nh5 20. Qd5 Qc7 21. Nc3 Qc8 22. Rh1 Bg5 23. Rcd1 Rh6 24. Ne2 Nf6 25. Qd3 Rg6 26. Bc1 Bxc1 27. Rxc1 Qc5 28. Rhf1 Ke7 29. g4 Rh8 30. h3 Nh5 31. Kh2 Nf4 32. Nxf4 exf4 33. Kg2 Rc8 34. Rfd1 Re6 35. Qe2 Qa3 36. Rc2 Re5 37. Qd2 g5 38. b4 Rd8 39. c5 d5 40. Qd4 f6 41. Rd3 Qa4 42. Rcd2 Qc6 43. a3 Kf7 44. Qb2 b6 45. exd5 Qb5 46. Qc2 bxc5 47. bxc5 Kg7 48. c6 Qb6 49. c7 Re1 50. Rf2 Rde8 51. Rdd2 Rb1 52. c8Q Rxc8 53. Qxc8 Qe3 54. Rde2 1-0